000 00674nam a2200253Ia 4500
003 OSt
005 20220918163355.0
006 a|||||r|||| 00| 0
007 ta
008 220917b |||||||| |||| 00| 0 eng d
020 _a0 7012 0291 2
024 _a21,328
037 _cTextual
040 _aARTS
_cARTS
_beng
041 _2eng
_aeng
082 _aO111,3M82w, L2.1
100 _aBell Quentin
_912810
245 0 _aVirginia woolf
_b A biography
260 _aLondon
_bHograth Press UK
_c1972
300 _axiii,230p.
_ccm.
650 _aENGLISH LITERATURE
942 _hO111,3M82w, L2.1
_cTEXL
_2CC
999 _c119233
_d119233